000 01393nam a22003137a 4500
008 130821s2009 xxuab gr eng
020 _a0073210579
020 _a9780073210575
040 _aCO-BoUCM
_cAngélica Rojas
_dAldemar Mondragón
_dNuevo
_bspa
041 0 0 _aeng
100 1 _aPhatak, Arvind V.
_933818
245 1 0 _aInternational management managing in a diverse and dynamic global environment
_cArvind V. Phatak, Rabi S. Bhagat, Roger J. Kashlak
250 _a2nd ed
260 _aBoston (Massachusetts, Estados Unidos)
_bMcGraw-Hill Irwin
_c2009
300 _axviii, 540 páginas
_bilustraciones, mapas
504 _aIncluye referencias bibliográficas e índices
650 7 _aAdministración industrial
_98602
650 7 _aComunicación intercultural
_911372
650 7 _aDiversidad en el lugar del trabajo
_xManagement.
_913476
650 7 _aEmpresas comerciales internacionales
_914116
650 7 _aEmpresas comerciales internacionales
_vEstudio de casos
_914116
650 7 _aPlanificación estratégica
_921662
690 _aAdministración de empresas
700 1 _aBhagat, Rabi S.
_d1950-
_933823
700 1 _aKashlak, Roger J.
_933824
856 4 _3Consulte las tablas de contenido haciendo clic
_uhttp://www.loc.gov/catdir/enhancements/fy0912/2008940396-t.html
942 _cLIBRO
_a16
_e2
_mP536i
_2DEWEY
_h658.049
999 _c165498
_d165498